Zadlžovanie sa slovenských domácností ako jeden z dôsledkov nízkej finančnej gramotnosti bakalárska práca

Enregistré dans:
Détails bibliographiques
Auteur principal: Bizub, Marek
Collectivité auteur: Národohospodárska fakulta EU. Katedra ekonómie
Autres auteurs: Novák, Marcel, 1979-
Format: Livre
Langue:slovaque
Publié: Bratislava 2024
Tags: Ajouter un tag
Pas de tags, Soyez le premier à ajouter un tag!

MARC

LEADER 00000nbm a2200000 4500
001 0301649
005 20241113101512.3
041 0 |a slo 
044 |a SK 
245 1 0 |a Zadlžovanie sa slovenských domácností ako jeden z dôsledkov nízkej finančnej gramotnosti  |b bakalárska práca  |c Marek Bizub ; školiteľ: Marcel Novák 
264 1 |a Bratislava  |c 2024 
300 |a 45 s. 
100 1 |a Bizub, Marek 
700 1 |a Novák, Marcel, 1979- 
710 2 |a Národohospodárska fakulta EU. Katedra ekonómie